000
00326 a2200145 4500
001
153470
040
_c
Escola São Tomás de Aquino
100
_a
GOMES, Dias
240
1
0
_a
O Santo Inquérito
_l
por
245
1
0
_a
O Santo Inquérito
362
0
_a
2005
440
1
_a
Ediouro
697
_a
LITERATURA BRASILEIRA
942
_c
BK
999
_c
153470
_d
153470